The effect of druck weed supplementation on growth rate of avian broiler at animal experimental station of royal university of agriculture, ឥទ្ធពលនៃការបន្ថែមចកបាយទា ទៅលើការលូតលាស់របស់មាន់សាច់AVIAN នៅស្ថានីយ៍ពិសោធន៍សត្វ នៃសាកលវិទ្យាល័យភូមិន្ទកសិកម្ម (Record no. 2088)
[ view plain ]
| 000 -LEADER | |
|---|---|
| fixed length control field | 00811nam a22001577a 4500 |
| 003 - CONTROL NUMBER IDENTIFIER | |
| control field | OSt |
| 005 - DATE AND TIME OF LATEST TRANSACTION | |
| control field | 20151006163731.0 |
| 008 - FIXED-LENGTH DATA ELEMENTS--GENERAL INFORMATION | |
| fixed length control field | 151006b xxu||||| |||| 00| 0 eng d |
| 040 ## - CATALOGING SOURCE | |
| Transcribing agency | RUA |
| 082 ## - DEWEY DECIMAL CLASSIFICATION NUMBER | |
| Classification number | AVM TRA 2006 B076 Or.1 |
| 100 ## - MAIN ENTRY--PERSONAL NAME | |
| 9 (RLIN) | 2215 |
| Personal name | TRAY, KIMLAY. |
| 245 ## - TITLE STATEMENT | |
| Title | The effect of druck weed supplementation on growth rate of avian broiler at animal experimental station of royal university of agriculture, ឥទ្ធពលនៃការបន្ថែមចកបាយទា ទៅលើការលូតលាស់របស់មាន់សាច់AVIAN នៅស្ថានីយ៍ពិសោធន៍សត្វ នៃសាកលវិទ្យាល័យភូមិន្ទកសិកម្ម |
| 260 ## - PUBLICATION, DISTRIBUTION, ETC. (IMPRINT) | |
| Place of publication, distribution, etc. | Phnom Penh |
| Name of publisher, distributor, etc. | RUA |
| Date of publication, distribution, etc. | 2006 |
| 300 ## - PHYSICAL DESCRIPTION | |
| Extent | 46p. |
| Other physical details | ill. |
| Dimensions | 29cm. |
| 942 ## - ADDED ENTRY ELEMENTS (KOHA) | |
| Source of classification or shelving scheme | |
| Koha item type | AVM |
| Price effective from | Date last seen | Permanent Location | Not for loan | Date acquired | Source of classification or shelving scheme | Koha item type | Lost status | Withdrawn status | Date last checked out | Total Checkouts | Shelving location | Damaged status | Barcode | Current Location | Full call number |
|---|---|---|---|---|---|---|---|---|---|---|---|---|---|---|---|
| 2015-10-06 | 2022-03-18 | Library Block B | 2015-10-06 | AVM | 2022-02-11 | 3 | B076 | RUA007714 | Library Block B | AVM TRA 2006 B076 Or.1 | |||||
| 2015-10-06 | 2021-09-07 | Library Block B | 2015-10-06 | AVM | 2021-09-03 | 1 | B076 | RUA007797 | Library Block B | AVM TRA 2006 B076 Or.2 | |||||
| 2015-10-06 | 2015-10-06 | Library Block B | 2015-10-06 | AVM | B076 | RUA007653 | Library Block B | AVM TRA 2006 B076 Or.3 | |||||||
| 2015-10-06 | 2020-11-24 | Library Block B | 2015-10-06 | AVM | 2020-11-20 | 2 | B076 | RUA007725 | Library Block B | AVM TRA 2006 B076 Or.4 | |||||
| 2015-10-06 | 2015-10-06 | Library Block B | 2015-10-06 | AVM | B076 | RUA007803 | Library Block B | AVM TRA 2006 B076 Or.5 | |||||||
| 2016-02-04 | 2016-02-04 | Library Block B | 2016-02-04 | AVM | RUA049630 | Library Block B | AVM TRA 2006 B076 Or.6 |